01059nam a2200205Ia 4500999001500000020002300015082002000038245006400058260005100122440002800173500013500201650003100336650003300367700001900400700002000419942001200439952013400451952013400585952013400719 c5507d5507 a0-275-98201-7(set) aRR 327.172 PSY- 0aPsychology of resolving global conflicts: from war to peace aWestportbPraeger Security Internationalc2006 aContemporary psychology aContents : - Vol. 1. Nature vs. Nurture (xl, 354p.) - v. 2. Group and social factors (xl, 250p.) - v. 3. Interventions (xl, 348p.) aWarvPsychological aspects aPeacevPsychological aspects aFitzduff, Mari aStout, Chris E. cBK2ddc 00104070aNASSDOCbNASSDOCd2007-04-04eBRIGHThV.1i2007-01-19l0oRR 327.172 PSY-p43344r2019-04-18 00:00:00w2019-04-18yBK 00104070aNASSDOCbNASSDOCd2007-04-04eBRIGHThV.2i2007-01-19l0oRR 327.172 PSY-p43345r2019-04-18 00:00:00w2019-04-18yBK 00104070aNASSDOCbNASSDOCd2007-04-04eBRIGHThV.3i2007-01-19l0oRR 327.172 PSY-p43346r2019-04-18 00:00:00w2019-04-18yBK